000 00659nam a2200205 i 4500
001 76278
003 ES-MaACL
005 20230906172801.0
007 t|
008 040930s1968 sp |||| | spa d
100 1 _aGroot, S. R. de.
_960143
245 1 0 _aTermodinámica de los procesos irreversibles /
_cS.R. de Groot ; versión española José Aguilar Peris, Cristobal Fernández Pineda.
250 _a1ª ed.
260 _aMadrid :
_bAlhambra,
_c1968.
300 _aXII, 268 p. ;
_c20 cm.
650 4 _aTermodinámica.
_917486
700 1 _aAguilar Peris, José.
_918743
700 1 _aFernandez Pineda, Cristobal.
_949999
852 _aES-MaACL
_jC-34724
999 _c76278
_d76278